00581 2200193 4500001002100000005001700021008004100038035002400079082001200103090002100115245010500136260002800241300003600269650003900305700001300344850000900357985000600366999001500372YOGYA-0209000007393320090227093747.0 ind  0010-020900000073933 a378.178 a378.178bLaplSK aLAPORAN praktek kerja lapangan di Perpustakaan Daerah Daerah Istimewa YogyakartacNgatinah...[et.al] aYogyakartab[s.n]c1995 aviii,37[26] lembarbilusc32 cm aKerja Lapangan (Metode Pendidikan) aNgatinah aBPAD a1 a08A0036567